Laos : EIU country profile 2005.
| Format: | Book |
|---|---|
| Published: |
[London]:
The Economist Intelligence Unit,
2005.
|
| Subjects: |
| LEADER | 00481cam a2200157 7i4500 | ||
|---|---|---|---|
| 001 | 0000016366 | ||
| 005 | 20051028090000.0 | ||
| 022 | 0 | 0 | |a 1740-8334 |
| 090 | 0 | 0 | |a LAOS 330.9 |b LAO |
| 245 | 0 | 0 | |a Laos : |b EIU country profile 2005. |
| 260 | 0 | 0 | |a [London]: |b The Economist Intelligence Unit, |c 2005. |
| 300 | # | # | |a 40 p. |
| 650 | 0 | 0 | |a Laos -- |x Country profile |
| 651 | 0 | 0 | |a Laos |
| 999 | |a SBH000288B |b Book |c Countries |e MATRADE Sabah | ||
| 999 | |a PNG000296B |b Book |c Countries |e MATRADE Northern Regional Office | ||